[Event "Bretagne-ch U14"]
[Site "Sarzeau"]
[Date "2006.02.23"]
[Round "4"]
[White "Dutus, Steven"]
[Black "Chetail, Guillaume"]
[Result "0-1"]
[WhiteElo "1580"]
[BlackElo "1860"]
[PlyCount "118"]
[EventDate "2006.02.21"]
[EventType "swiss"]
[EventRounds "6"]
[EventCountry "FRA"]
[SourceTitle "EXT 2007"]
[Source "ChessBase"]
[SourceDate "2006.11.23"]
[SourceVersion "1"]
[SourceVersionDate "2006.11.23"]
[SourceQuality "1"]

1. d4 d5 2. Bg5 h6 3. Bf4 e6 4. e3 Nc6 5. Nf3 Nf6 6. Bb5 Bd7 7. Bxc6 Bxc6 8. 0-0 Bd6 9. Bxd6 Qxd6 10. Nbd2 0-0-0 11. Ne5 Rdf8 12. f3 Nd7 13. Nxc6 Qxc6 14. Rc1 g5 15. c4 h5 16. c5 f5 17. Qe2 g4 18. b4 gxf3 19. Nxf3 e5 20. dxe5 Rfg8 21. Nd4 Qg6 22. Nxf5 Qg5 23. Rcd1 Qd8 24. Rxd5 Rg5 25. e6 Rhg8 26. g3 h4 27. Rxd7 Qe8 28. Ne7+ Kb8 29. Nxg8 Rxg8 30. Rdf7 hxg3 31. h3 a6 32. Qf3 Ka7 33. Rxc7 Qb8 34. c6 Qxc7 35. cxb7 g2 36. Qxg2 Rxg2+ 37. Kxg2 Qc6+ 38. Kg3 Qxe6 39. Rf2 Qxe3+ 40. Rf3 Qg1+ 41. Kf4 Kxb7 42. h4 Qh2+ 43. Kg4 Qxa2 44. h5 Qg2+ 45. Kf4 Qd2+ 46. Kf5 Qxb4 47. Rf4 Qf8+ 48. Kg5 Qg7+ 49. Kh4 Kc7 50. Ra4 Qe7+ 51. Kg3 Qg5+ 52. Kf2 Qxh5 53. Rxa6 Qf5+ 54. Ke1 Qe4+ 55. Kf2 Qc2+ 56. Ke1 Qc1+ 57. Kf2 Qd2+ 58. Kg3 Qd3+ 59. Kh4 Qxa6 0-1

[Event "Bretagne-ch U14"]
[Site "Sarzeau"]
[Date "2006.02.22"]
[Round "3"]
[White "Selo, Tony"]
[Black "Dutus, Steven"]
[Result "1-0"]
[WhiteElo "1690"]
[BlackElo "1580"]
[PlyCount "105"]
[EventDate "2006.02.21"]
[EventType "swiss"]
[EventRounds "6"]
[EventCountry "FRA"]
[SourceTitle "EXT 2007"]
[Source "ChessBase"]
[SourceDate "2006.11.23"]
[SourceVersion "1"]
[SourceVersionDate "2006.11.23"]
[SourceQuality "1"]

1. e4 e5 2. Nf3 Nc6 3. Bb5 Bc5 4. 0-0 Nf6 5. d3 0-0 6. Bxc6 dxc6 7. Nxe5 Bd4 8. Nf3 Bg4 9. h3 Bxf3 10. Qxf3 Qd6 11. c3 Bb6 12. d4 Qe6 13. e5 Nd7 14. Qd3 Rad8 15. f4 Qd5 16. Be3 c5 17. c4 Qe6 18. d5 Qe7 19. Nc3 Rfe8 20. Na4 Kh8 21. Nxb6 Nxb6 22. Rac1 Nc8 23. Qa3 b6 24. Bd2 a5 25. Qg3 f6 26. e6 Nd6 27. f5 Ne4 28. Qe3 Nxd2 29. Qxd2 Qd6 30. Qe3 Re7 31. b3 Kg8 32. Rce1 Kf8 33. Qf3 Ra8 34. a4 Ree8 35. Qh5 Kg8 36. Qf7+ Kh8 37. Rf3 Re7 38. Qh5 Rae8 39. Kf2 Rd8 40. Kg1 Ree8 41. g4 Rg8 42. Kg2 Rde8 43. h4 Re7 44. Kh3 Ree8 45. Re4 c6 46. Rd3 Re7 47. g5 Rb7 48. gxf6 gxf6 49. Qh6 Qd8 50. d6 Rgg7 51. e7 Qxd6 52. Qxg7+ Kxg7 53. Rxd6 1-0